000 00285nam a2200121Ia 4500
008 190216s9999||||xx |||||||||||||| ||und||
100 _aGupta R
245 0 _aAssistant`S Grade Exam
260 _bRamesh Publishing House
_c1984
300 _a340p
650 _aGrade Exam
942 _cREF
999 _c35588
_d35588